Starostom vyhovuje "malá" Bratislava
Hranicou samosprávneho regiónu by mali byť katastrálne hranice hlavného mesta. Diskusia medzi mestskou radnicou a mestskými časťami.
Saved in:
| Main Author: | |
|---|---|
| Format: | Book Chapter |
| Language: | Slovak |
| Subjects: | |
| Tags: |
No Tags, Be the first to tag this record!
|
MARC
| LEADER | 00000naa a2200000 4500 | ||
|---|---|---|---|
| 001 | r039226 | ||
| 005 | 20230920071358.4 | ||
| 041 | 0 | |a slo | |
| 044 | |a SK | ||
| 245 | 1 | 0 | |a Starostom vyhovuje "malá" Bratislava |c Ivan Polakovič |
| 520 | |a Hranicou samosprávneho regiónu by mali byť katastrálne hranice hlavného mesta. Diskusia medzi mestskou radnicou a mestskými časťami. | ||
| 610 | 2 | 0 | |a samospráva regionálna |
| 610 | 2 | 0 | |a členenie územné administratívne |
| 610 | 2 | 0 | |a decentralizácia |
| 610 | 2 | 0 | |a okresy |
| 610 | 2 | 0 | |a Bratislava |
| 100 | 1 | |a Polakovič, Ivan | |